|
|
|
|
| LEADER |
00000cam a2200000 7i4500 |
| 001 |
0000000823 |
| 005 |
20151222.0 |
| 008 |
070703 |
| 020 |
|
|
|a 9830602419
|
| 020 |
|
|
|a 9830602478(set)
|
| 090 |
0 |
0 |
|a JF
|b MAL (491)
|
| 100 |
0 |
|
|a Amy Suzani Ainuddin
|
| 245 |
1 |
0 |
|a Puteri Safia dan seekor tikus
|c Amy Suzani Ainuddin
|
| 260 |
|
|
|a Selangor :
|b Hasrat Murni ,
|c 2005
|
| 440 |
|
|
|a Siri dongengan puteri dunia
|
| 500 |
|
|
|a Children ages 7-9 years old (orange)
|
| 650 |
|
0 |
|a Junior fiction
|x Malay
|x Languages
|
| 710 |
0 |
|
|a Title
|
| 999 |
|
|
|a 0000905910
|b Book
|c Teenagers
|e Cawangan Bandar Tenggara
|
| 999 |
|
|
|a 0000920457
|b Book
|c Children Collection
|e Cawangan Bukit Gambir
|
| 999 |
|
|
|a 0000920458
|b Book
|c Children Collection
|e Cawangan Bukit Gambir
|
| 999 |
|
|
|a 0000930407
|b Book
|c Children Collection
|e Cawangan Tangkak
|
| 999 |
|
|
|a 0000930408
|b Book
|c Children Collection
|e Cawangan Tangkak
|
| 999 |
|
|
|a 0000930409
|b Book
|c Children Collection
|e Cawangan Tangkak
|
| 999 |
|
|
|a 0000957240
|b Book
|c Children Collection
|e Cawangan Pontian
|
| 999 |
|
|
|a 0000957241
|b Book
|c Children Collection
|e Perbadanan Perpustakaan Awam Johor
|
| 999 |
|
|
|a 0000957242
|b Book
|c Children Collection
|e Perbadanan Perpustakaan Awam Johor
|
| 999 |
|
|
|a 0000957243
|b Book
|c Children Collection
|e Cawangan Kota Tinggi
|
| 999 |
|
|
|a 0000957244
|b Book
|c Children Collection
|e Perbadanan Perpustakaan Awam Johor
|
| 999 |
|
|
|a 0001054088
|b Book
|c Children Collection
|e Cawangan Mersing
|
| 999 |
|
|
|a 0001054089
|b Book
|c Johor Collection
|e Cawangan Segamat
|